Five Biggest Island Countries by Continent - Statistics

General Stats
  • This quiz has been taken 11,495 times
    11,387 since last reset
  • The average score is 23 of 24
Answer Stats
Continent Islands % Correct
Africa Madagascar
99%
Oceania Australia
98%
Oceania New Zealand
98%
North America Cuba
97%
Asia Indonesia
97%
Europe Ireland
97%
Asia Japan
97%
Europe United Kingdom
97%
Europe Iceland
96%
Europe Malta
96%
North America Haiti
95%
Oceania Papua New Guinea
95%
North America Dominican Republic
94%
Oceania Fiji
94%
North America Jamaica
94%
Asia Sri Lanka
94%
Africa Cape Verde
93%
Asia Philippines
93%
North America Bahamas
91%
Africa Mauritius
90%
Africa Sao Tome & Principe
90%
Oceania Solomon Islands
90%
Asia Taiwan
90%
Africa Comoros
89%
No matching quizzes found
Score Distribution
Percent of People with Each Score
Percentile by Number Answered
Your Score History
You have not taken this quiz since the last reset